Translating law. (Record no. 7933)
[ view plain ]
| 000 -LEADER | |
|---|---|
| fixed length control field | 00698cam a22002292 4500 |
| 001 - CONTROL NUMBER | |
| control field | 0000009502 |
| 005 - DATE AND TIME OF LATEST TRANSACTION | |
| control field | 20151217152056.0 |
| 008 - FIXED-LENGTH DATA ELEMENTS--GENERAL INFORMATION | |
| fixed length control field | 081031s xx 000 0 eng d |
| 020 ## - INTERNATIONAL STANDARD BOOK NUMBER | |
| International Standard Book Number | 1853599545 : |
| Terms of availability | KES 3960 |
| 040 ## - CATALOGING SOURCE | |
| Original cataloging agency | KABU |
| Transcribing agency | KABU |
| 100 1# - MAIN ENTRY--PERSONAL NAME | |
| Personal name | Cao, Deborah. |
| -- | 0000161034 |
| 245 10 - TITLE STATEMENT | |
| Title | Translating law. |
| 260 ## - PUBLICATION, DISTRIBUTION, ETC. (IMPRINT) | |
| Place of publication, distribution, etc. | Clevedon : |
| Name of publisher, distributor, etc. | Multilingual Matters, |
| Date of publication, distribution, etc. | 2007. |
| 300 ## - PHYSICAL DESCRIPTION | |
| Extent | xii, 189 p. |
| 650 #0 - SUBJECT ADDED ENTRY--TOPICAL TERM | |
| Topical term or geographic name as entry element | Law |
| General subdivision | Translating. |
| -- | 0000161035 |
| 650 #0 - SUBJECT ADDED ENTRY--TOPICAL TERM | |
| Topical term or geographic name as entry element | Law |
| General subdivision | Language. |
| -- | 0000161036 |
| 650 #0 - SUBJECT ADDED ENTRY--TOPICAL TERM | |
| Topical term or geographic name as entry element | Law |
| General subdivision | Interpretation and construction. |
| -- | 0000161037 |
| 852 1# - LOCATION | |
| -- | p3950 KES |
| 908 ## - PUT COMMAND PARAMETER (RLIN) | |
| Put command parameter | 081031 |
| 950 ## - LOCAL HOLDINGS (RLIN) | |
| -- | 1 |
| Withdrawn status | Lost status | Source of classification or shelving scheme | Not for loan | Home library | Current library | Date acquired | Total Checkouts | Full call number | Barcode | Date last seen | Price effective from | Koha item type |
|---|---|---|---|---|---|---|---|---|---|---|---|---|
| Library of Congress Classification | Kabarak, Main Campus | Kabarak, Main Campus | 17/12/2015 | K213 .C36 c. 1 | 15141 | 17/12/2015 | 17/12/2015 | General Collection | ||||
| Library of Congress Classification | Kabarak, Main Campus | Kabarak, Main Campus | 17/12/2015 | K213 .C36 c. 2 | 16267 | 17/12/2015 | 17/12/2015 | General Collection |